000
00356nam a2200145Ia 4500
003
GCL
008
140319s9999 xx 000 0 ara d
040
_a
GCL /
_c
GCL
082
0
4
_a
649
_b
ه ا
100
1
_a
بيتر
245
1
0
_a
الامومة والطفولة /
_c
بيتر
700
1
_a
هومز
700
1
_a
بسام درويش
490
_a
100 قصة
_v
0
999
_c
43377
_d
43377